| 000 | 00930nam0a22002411 4500 | ||
|---|---|---|---|
| 001 | rc\573272 | ||
| 005 | 20250621170836.0 | ||
| 035 | _a(NLR Aleph) 005821609 | ||
| 090 |
_a5485551 _c5485551 |
||
| 100 | _a20031121d1988 |||y0rusy50 ca | ||
| 101 | 0 | _arus | |
| 102 | _aRU | ||
| 105 | _ay ||||||||| | ||
| 200 | 1 |
_aРегиональные проблемы природопользования в предплановых исследованиях _eСб. науч. тр. _fСовет по изуч. производ. сил при Госплане СССР _g[Редкол.: д. т. н., проф. А.М. Курносов (отв. ред.) и др.] |
|
| 210 |
_aМ. _cБ. и. _d1988 (вып. дан. 1989) |
||
| 215 |
_a162 с. _d20 |
||
| 320 | _aБиблиогр.: с. 160 | ||
| 333 | _aДСП. Экз. № 243 | ||
| 801 | 0 |
_aRU _bNLR _gpsbo |
|
| 801 | 1 |
_aRU _bELAR _2rusmarc |
|
| 852 |
_aNLR _j90-50К/1337 |
||
| 942 | _cBOOK | ||
| 980 | _aNB | ||